Estadísticas para Geografía por Imágenes- T

Haz click aquí para intentar la prueba.

Estadísticas generales

  • Esta prueba ha sido intentada 2.021 veces
  • La puntuación promedio es 10 de 18

Estadísticas de respuestas

Respuesta% Correcto
Taj Mahal
94%
Tailandia
80%
Támesis
80%
Texas
80%
Trinidad y Tobago
78%
Tasmania
75%
Times Square
73%
Tokio
71%
Toronto
64%
Puente de la {Torre}
61%
Tíbet
53%
Taipéi
46%
Teide
41%
Tierra del Fuego
38%
Tamil
30%
Transnistria
29%
Tombuctú
26%
Tanganica
21%

Distribución de puntuación

Porcentaje por número respondido

Porcentaje de gente con cada puntuación

Historial de tus puntuaciones

No has intentado esta prueba.